Economics /

Bibliographic Details
Main Author: Parkin, Michael, 1939-
Other Authors: Powell, Melanie, Matthews, Kent
Format: Book
Language:English
Published: Harlow, England ; Boston, MA : Addison-Wesley ; Pearson, 2012.
Edition:8th ed.
Subjects:
Classic Catalogue: View this record in Classic Catalogue
LEADER 01859nam a2200313 a 4500
001 27113
003 BD-DhAAL
008 130530s2012 enka 001 0 eng d
020 |a 9780273735755 
040 |a DLC  |c DLC  |d DLC  |d BD-DhAAL  |d BD-DhAAL 
082 0 0 |a 330  |2 22 
100 1 |a Parkin, Michael,  |d 1939-  |9 310 
245 1 0 |a Economics /  |c Parkin, Powell, Matthews. 
250 |a 8th ed. 
260 |a Harlow, England ;  |a Boston, MA :  |b Addison-Wesley ;  |b Pearson,  |c 2012. 
300 |a xxxi, 780 p. :  |b ill. ;  |c 26 cm. 
500 |a Includes index. 
541 1 |e 27113,27114,27115,27116,27117 
650 0 |a Economics.  |9 2006 
700 1 |a Powell, Melanie.  |9 2007 
700 1 |a Matthews, Kent.  |9 2008 
852 4 |a Ayesha Abed Library  |j General shelf 
942 |2 ddc  |c BK  |0 11 
999 |c 13520  |d 13520 
952 |0 0  |1 0  |2 ddc  |4 0  |5 0  |6 330_000000000000000_PAR  |7 0  |9 22567  |a BRACUL  |b BRACUL  |c CIR  |d 2013-05-30  |e Trim Education  |g 7475.00  |l 183  |o 330 PAR  |p 3010027113  |r 2024-11-23  |s 2024-09-20  |t 1  |w 2013-05-30  |y 1HOUR  |z As per instruction of Ahmed Rubana (Faculty of ESS Dept) this Book is reserved as One Hour loan. 
952 |0 0  |1 0  |2 ddc  |4 0  |6 330_000000000000000_PAR  |7 0  |9 22568  |a BRACUL  |b BRACUL  |c GEN  |d 2013-05-30  |e Trim Education  |g 7475.00  |l 55  |m 266  |o 330 PAR  |p 3010027114  |q 2026-06-02  |r 2026-02-22  |s 2026-02-22  |t 2  |w 2013-05-30  |y BK 
952 |0 0  |1 0  |2 ddc  |4 0  |6 330_000000000000000_PAR  |7 0  |9 22569  |a BRACUL  |b BRACUL  |c GEN  |d 2013-05-30  |e Trim Education  |g 7475.00  |l 59  |m 265  |o 330 PAR  |p 3010027115  |r 2026-05-13  |s 2026-02-03  |t 3  |w 2013-05-30  |y BK 
952 |0 0  |1 0  |2 ddc  |4 0  |6 330_000000000000000_PAR  |7 0  |9 22570  |a BRACUL  |b BRACUL  |c GEN  |d 2013-05-30  |e Trim Education  |g 7475.00  |l 56  |m 242  |o 330 PAR  |p 3010027116  |r 2025-11-26  |s 2025-02-17  |t 4  |w 2013-05-30  |y BK 
952 |0 0  |1 0  |2 ddc  |4 0  |6 330_000000000000000_PAR  |7 0  |9 22571  |a BRACUL  |b BRACUL  |c GEN  |d 2013-05-30  |e Trim Education  |g 7475.00  |l 17  |m 111  |o 330 PAR  |p 3010027117  |r 2026-05-03  |s 2026-04-26  |t 5  |w 2013-05-30  |y BK